Living Islam : (Record no. 54937)
[ view plain ]
| 000 -LEADER | |
|---|---|
| fixed length control field | 01133cam a2200337 a 4500 |
| 001 - CONTROL NUMBER | |
| control field | 1256596 |
| 003 - CONTROL NUMBER IDENTIFIER | |
| control field | OSt |
| 005 - DATE AND TIME OF LATEST TRANSACTION | |
| control field | 20120918155532.0 |
| 008 - FIXED-LENGTH DATA ELEMENTS--GENERAL INFORMATION | |
| fixed length control field | 930909s1993 enka b 001 0 eng c |
| 010 ## - LIBRARY OF CONGRESS CONTROL NUMBER | |
| LC control number | 93202993 |
| 020 ## - INTERNATIONAL STANDARD BOOK NUMBER | |
| International Standard Book Number | 0563364416 |
| 035 ## - SYSTEM CONTROL NUMBER | |
| System control number | (OCoLC)28628057 |
| 035 ## - SYSTEM CONTROL NUMBER | |
| System control number | (OCoLC)ocm28628057 |
| 035 ## - SYSTEM CONTROL NUMBER | |
| System control number | (NNC)1256596 |
| 040 ## - CATALOGING SOURCE | |
| Original cataloging agency | CtY |
| Transcribing agency | CtY |
| 042 ## - AUTHENTICATION CODE | |
| Authentication code | lcnccp |
| 050 14 - LIBRARY OF CONGRESS CALL NUMBER | |
| Classification number | BP163 |
| Item number | .A36 1993 |
| 100 1# - MAIN ENTRY--PERSONAL NAME | |
| Personal name | Ahmed, Akbar S. |
| 9 (RLIN) | 17182 |
| 245 10 - TITLE STATEMENT | |
| Title | Living Islam : |
| Remainder of title | from Samarkand to Stornoway / |
| Statement of responsibility, etc | Akbar S. Ahmed. |
| 260 ## - PUBLICATION, DISTRIBUTION, ETC. (IMPRINT) | |
| Place of publication, distribution, etc | London : |
| Name of publisher, distributor, etc | BBC Books, |
| Date of publication, distribution, etc | 1993. |
| 300 ## - PHYSICAL DESCRIPTION | |
| Extent | 224 p. : |
| Other physical details | col. ill. ; |
| Dimensions | 26 cm. |
| 500 ## - GENERAL NOTE | |
| General note | "This book is published to accompany the Continuing Education television series of the same name which was first broadcast in 1993." -- T.p. verso. |
| 504 ## - BIBLIOGRAPHY, ETC. NOTE | |
| Bibliography, etc | Includes bibliographical references (p. 215-218) and index. |
| 650 #0 - SUBJECT ADDED ENTRY--TOPICAL TERM | |
| Topical term or geographic name as entry element | Islam |
| Chronological subdivision | 20th century. |
| 9 (RLIN) | 17183 |
| 650 #0 - SUBJECT ADDED ENTRY--TOPICAL TERM | |
| Topical term or geographic name as entry element | Islam |
| General subdivision | Essence, genius, nature. |
| 9 (RLIN) | 17184 |
| 650 #0 - SUBJECT ADDED ENTRY--TOPICAL TERM | |
| Topical term or geographic name as entry element | Islam |
| General subdivision | History. |
| 9 (RLIN) | 17185 |
| 650 #0 - SUBJECT ADDED ENTRY--TOPICAL TERM | |
| Topical term or geographic name as entry element | Muslims |
| General subdivision | Social conditions. |
| 9 (RLIN) | 17186 |
| 740 01 - ADDED ENTRY--UNCONTROLLED RELATED/ANALYTICAL TITLE | |
| Uncontrolled related/analytical title | From Samarkand to Stornoway. |
| 942 ## - ADDED ENTRY ELEMENTS (KOHA) | |
| Source of classification or shelving scheme | Library of Congress Classification |
| Koha item type | Books |
| Withdrawn status | Lost status | Source of classification or shelving scheme | Damaged status | Not for loan | Collection code | Home library | Current library | Shelving location | Date acquired | Source of acquisition | Cost, normal purchase price | Total Checkouts | Full call number | Barcode | Date last seen | Copy number | Price effective from | Koha item type |
|---|---|---|---|---|---|---|---|---|---|---|---|---|---|---|---|---|---|---|
| Library of Congress Classification | General Circulation | AIU/NEGST - Tony Wilmot Memorial Library | AIU/NEGST - Tony Wilmot Memorial Library | General Stacks | 09/18/2012 | Donation | 45.00 | BP 163 .A36 1993 | R58519F3232 | 09/26/2019 | 1 | 09/18/2012 | Books |
